000 00452nam a2200181Ia 4500
001 3109
005 20260306144856.0
008 260306t2003||||xx |||||||||||||| ||spa||
041 _aESP
082 _a254.9
_bC78
100 _aCorral Salvador, Carlos
_eAUT
245 0 _aLa relación entre la iglesia y la comunidad política
260 _c2003
300 _a440 páginas :
_c20 cm.
650 _aGEN
654 _aCHU
942 _cLIB
_dJUS
_fJUS
_2ddc
_n
999 _c3109
_d3109